Evangelicals : (Record no. 9214)

MARC details
000 -LEADER
fixed length control field 03947cam a2200373 i 4500
001 - CONTROL NUMBER
control field 1090283392
003 - CONTROL NUMBER IDENTIFIER
control field OCoLC
005 - DATE AND TIME OF LATEST TRANSACTION
control field 20241126110707.0
008 - FIXED-LENGTH DATA ELEMENTS--GENERAL INFORMATION
fixed length control field 190704t20192019miu b 001 0 eng
010 ## -
-- 2019026125
020 ## - INTERNATIONAL STANDARD BOOK NUMBER
International Standard Book Number 9780802876959
Qualifying information paperback
020 ## - INTERNATIONAL STANDARD BOOK NUMBER
International Standard Book Number 0802876951
Qualifying information paperback
035 ## - SYSTEM CONTROL NUMBER
System control number (OCoLC)1090283392
040 ## - CATALOGING SOURCE
Original cataloging agency LBSOR/DLC
Language of cataloging eng
Description conventions rda
Transcribing agency DLC
Modifying agency OCLCO
-- OCLCF
-- IDI
-- GO4
-- CMI
-- OCLCO
-- LNT
-- DTM
-- YDX
-- DLC
-- BKL
-- L2U
-- MTU
042 ## -
-- pcc
043 ## -
-- n-us---
050 00 -
-- BR1640
-- .E835 2019
082 00 - DEWEY DECIMAL CLASSIFICATION NUMBER
Classification number 270.82
Edition information 23
Item number EVA
245 00 - TITLE STATEMENT
Title Evangelicals :
Remainder of title who they have been, are now, and could be /
Statement of responsibility, etc. [edited by] Mark A. Noll, David W. Bebbington, George M. Marsden.
264 #1 - PRODUCTION, PUBLICATION, DISTRIBUTION, MANUFACTURE, AND COPYRIGHT NOTICE
Place of production, publication, distribution, manufacture Grand Rapids, Michigan :
Name of producer, publisher, distributor, manufacturer William B. Eerdmans Publishing Company,
Date of production, publication, distribution, manufacture, or copyright notice 2019.
264 #4 - PRODUCTION, PUBLICATION, DISTRIBUTION, MANUFACTURE, AND COPYRIGHT NOTICE
Date of production, publication, distribution, manufacture, or copyright notice ℗♭2019.
300 ## - PHYSICAL DESCRIPTION
Extent xi, 336 pages ;
Dimensions 23 cm
336 ## - CONTENT TYPE
Content type term text
Content type code txt
Source rdacontent
337 ## - MEDIA TYPE
Media type term unmediated
Media type code n
Source rdamedia
338 ## - CARRIER TYPE
Carrier type term volume
Carrier type code nc
Source rdacarrier
504 ## - BIBLIOGRAPHY, ETC. NOTE
Bibliography, etc. note Includes bibliographical references and index.
505 00 - FORMATTED CONTENTS NOTE
Miscellaneous information Part I.
Title The history of "evangelical history".
-- The evangelical denomination /
Statement of responsibility George Marsden ;
Title The nature of evangelical religion /
Statement of responsibility David W. Bebbington ;
Title The essential evangelicalism dialectic : the historiography of the early neo-evangelical movement and the observer-participant dilemma /
Statement of responsibility Douglas A. Sweeney ;
Title Evangelical constituencies in North America and the world /
Statement of responsibility Mark A. Noll ;
Title The evangelical discovery of history /
Statement of responsibility David W. Bebbington ;
Title Roundtable : re-examining David Bebbington's Quadrilateral ;
-- Introduction /
Statement of responsibility Charlie Phillips ;
Title The Bebbington Quadrilateral and the work of the Holy Spirit /
Statement of responsibility Thomas S. Kidd ;
Title Bebbington's approach to evangelical Christianity as a pioneering effort in lived religion /
Statement of responsibility Amanda Porterfield ;
Title Revisiting Bebbington's classic rendering of modern evangelicalism at points of new departure /
Statement of responsibility Darren Dochuk ;
Title Noun or adjective? : the ravings of a fanatical nominalist /
Statement of responsibility Mark A. Noll ;
Title Defining evangelicalism : questions that complement the quadrilateral /
Statement of responsibility Molly Worthen ;
Title The evangelical Quadrilateral : a response /
Statement of responsibility David W. Bebbington ;
Title Evangelicals and unevangelicals : the contested history of a word /
Statement of responsibility Linford D. Fisher --
Miscellaneous information Part II.
Title The current crisis : looking back.
-- A strange love? : or, How White evangelicals learned to stop worrying and love the Donald /
Statement of responsibility Michael S. Hamilton ;
Title Live by the polls, die by the polls /
Statement of responsibility D.G. Hart ;
Title Donald Trump and militant evangelical masculinity /
Statement of responsibility Kristen Kobes Du Mez ;
Title The "weird" fringe is the biggest part of White evangelicalism /
Statement of responsibility Fred Clark --
Miscellaneous information Part III.
Title The current crisis : assessment.
-- Is the term "evangelical" redeemable? /
Statement of responsibility Thomas S. Kidd ;
Title Can evangelicalism survive Donald Trump? /
Statement of responsibility Timothy Keller ;
Title Idols of the Trump era /
Statement of responsibility Molly Worthen ;
Title Are Black Christians evangelicals? /
Statement of responsibility Jemar Tisby ;
Title To be or not to be an evangelical /
Statement of responsibility Brian C. Stiller --
Miscellaneous information Part IV.
Title Historians seeking perspective.
-- On not mistaking one part for the whole : the future of American evangelicalism in a global perspective /
Statement of responsibility George Marsden ;
Title Evangelicals and recent politics in Britain /
Statement of responsibility David W. Bebbington ;
Title World Cup or World Series? /
Statement of responsibility Mark A. Noll.
520 ## - SUMMARY, ETC.
Summary, etc. "This books draws together significant considerations of evangelicalism from three of the historians who have contributed a great deal to putting the subject on the map, along with selected commentary from others who have benefited from, or sometimes questioned, their work"--
Assigning source Provided by publisher.
650 #0 - SUBJECT ADDED ENTRY--TOPICAL TERM
Topical term or geographic name entry element Evangelicalism.
Authority record control number or standard number http://id.loc.gov/authorities/subjects/sh85045933
9 (RLIN) 178
700 1# - ADDED ENTRY--PERSONAL NAME
Personal name Noll, Mark A.,
Dates associated with a name 1946-
Authority record control number or standard number http://id.loc.gov/authorities/names/n77001087
Relator term editor.
9 (RLIN) 3624
700 1# - ADDED ENTRY--PERSONAL NAME
Personal name Bebbington, David,
Dates associated with a name 1949-
Authority record control number or standard number http://id.loc.gov/authorities/names/n78028036
Relator term editor.
9 (RLIN) 3623
700 1# - ADDED ENTRY--PERSONAL NAME
Personal name Marsden, George M.,
Dates associated with a name 1939-
Authority record control number or standard number http://id.loc.gov/authorities/names/n80015731
Relator term editor.
9 (RLIN) 16027
942 ## - ADDED ENTRY ELEMENTS (KOHA)
Source of classification or shelving scheme Dewey Decimal Classification
Koha item type Books
Koha issues (borrowed), all copies 2
Holdings
Withdrawn status Lost status Source of classification or shelving scheme Damaged status Not for loan Home library Current Library Shelving location Date acquired Total checkouts Total renewals Full call number Barcode Date last seen Date last checked out Copy number Price effective from Koha item type
    Dewey Decimal Classification     GRACE BIBLE COLLEGE GRACE BIBLE COLLEGE Church History 2022-06-16 3 1 270.82 EVA 015646 2025-10-01 2025-09-29 c.1 2022-06-16 Books
© Grace Bible College Library 2025